000 00535 a2200205 4500
001 072222
003 OSt
005 20210906110928.0
008
020 _a9788179981016
082 _a658.45
_bA15B
100 1 _aAgarwal, N.P.
245 1 _aBusiness communication skills
_cby N.P. Agarwal and R.K. Tailor
260 _aJaipur
_bMalik & Company
_c2012
300 _a355p.
630 _aManagement
690 _aCommunication skills; Management
700 _aTailor, R.K.
942 _2ddc
_cBK
999 _c5459
_d5459